Представление документа в формате RUSMARC

ПолеНазваниеЗначение
  Тип записи a
  Библиографический уровень a
001 Контрольный номер RU/CBS_UL/BASE/9b4603b3c06b4ec09ef4119a586b3c5b
005 Дата корректировки 20230221140818.1
100 Данные общей обработки __
a Данные общей обработки 20230221 ||| 0rusy0189 ca
101 Язык документа 0_
a Язык текста rus
102 Страна публикации __
a Страна публикации RU
200 Заглавие и сведения об ответственности 1_
a Заглавие "Одноклеточная биология"
e Сведения, относящиеся к заглавию [анализ методов изучения отдельных клеток]
f Первые сведения об ответственности К. Стасевич
300 Общие примечания __
a Общие примечания 12+
300 Общие примечания __
a Общие примечания Содерж. : Клеточные "-омы"
461 Уровень набора _0
1 2000
a Наука и жизнь
463 Уровень физической единицы _0
1 2000
a № 10
v С. 68-80 : ил.
1 2101
d 2022
1 001RU/CBS_UL/BASE/721144547
606 Тематические рубрики 0_
a Основная рубрика Методы исследования в цитологии
610 Ключевые слова 0_
a Ключевые слова цитология
610 Ключевые слова 0_
a Ключевые слова цитологические исследования клеток
610 Ключевые слова 0_
a Ключевые слова микроскопические исследования
610 Ключевые слова 0_
a Ключевые слова ДНК
610 Ключевые слова 0_
a Ключевые слова РНК
610 Ключевые слова 0_
a Ключевые слова гены
610 Ключевые слова 0_
a Ключевые слова геном клетки
610 Ключевые слова 0_
a Ключевые слова дезоксирибонуклеиновая кислота
610 Ключевые слова 0_
a Ключевые слова рибонуклеиновая кислота
610 Ключевые слова 0_
a Ключевые слова индивидуальные клетки
610 Ключевые слова 0_
a Ключевые слова лазерная микродиссекция
610 Ключевые слова 0_
a Ключевые слова одиночные клетки
610 Ключевые слова 0_
a Ключевые слова цитометрия
610 Ключевые слова 0_
a Ключевые слова физиология клетки
686 Индексы других классификаций __
a Классификационный индекс 28.05в6
2 Код системы ББК
700 Автор _1
a Фамилия Стасевич
b Имя (инициалы) К.
801 Источник записи _0
a Страна RU
b Организация МБУК ЦБС г. Ульяновска
c Дата составления 20230221
g Правила каталогизации RCR
801 Источник записи _1
a Страна RU
b Организация МБУК ЦБС г. Ульяновска
c Дата составления 20230221
g Правила каталогизации RCR
901 Тип документа __
t Тип документа b
w Контрольный № источника RU/CBS_UL/BASE/721144547